Chicken Soup for the Soul/ for the Golden Soul (Record no. 11146)

MARC details
000 -LEADER
fixed length control field 00695nam a2200241 a 4500
001 - CONTROL NUMBER
control field 0001-1146
003 - CONTROL NUMBER IDENTIFIER
control field ELIB.Books
008 - FIXED-LENGTH DATA ELEMENTS--GENERAL INFORMATION
fixed length control field 150505 2010 eng
020 ## - INTERNATIONAL STANDARD BOOK NUMBER
International Standard Book Number 13: 9781558747265
035 ## - SYSTEM CONTROL NUMBER
System control number (ELIB.Books)0001-1301
092 ## - LOCALLY ASSIGNED DEWEY CALL NUMBER (OCLC)
Classification number 158.1
Item number Can
100 ## - MAIN ENTRY--PERSONAL NAME
Personal name Canfield, Jack.
245 ## - TITLE STATEMENT
Title Chicken Soup for the Soul/ for the Golden Soul
Remainder of title Heartwarming Stories About People 60 and Over
260 ## - PUBLICATION, DISTRIBUTION, ETC. (IMPRINT)
Place of publication, distribution, etc. Florida
Name of publisher, distributor, etc. Health Communications, Inc.
Date of publication, distribution, etc. 2000
300 ## - PHYSICAL DESCRIPTION
Extent 359
Dimensions 21.5 Cm
500 ## - GENERAL NOTE
General note C/o Moe Lwei
650 ## - SUBJECT ADDED ENTRY--TOPICAL TERM
Topical term or geographic name as entry element Aged- Counduct of Life
856 ## - ELECTRONIC LOCATION AND ACCESS
Name of location of host KBTS: Library
Uniform Resource Identifier <a href="KBTS: Elib">KBTS: Elib</a>
942 ## - ADDED ENTRY ELEMENTS (KOHA)
Source of classification or shelving scheme Dewey Decimal Classification
Koha item type Books
990 ## - EQUIVALENCES OR CROSS-REFERENCES [LOCAL, CANADA]
Link information for 9XX fields 2
998 ## - LOCAL CONTROL INFORMATION (RLIN)
Cataloger's initials, CIN (RLIN) bat
-- 2015-05-05
Holdings
Withdrawn status Lost status Source of classification or shelving scheme Damaged status Not for loan Home library Current library Date acquired Total Checkouts Barcode Date last seen Bill Date Koha item type
    Dewey Decimal Classification     Karen Baptist Theological Seminary Library Karen Baptist Theological Seminary Library 05/05/2015   15406, 15548 22/01/2022 22/01/2022 Books
Implemented & Customized by: BestBookBuddies

Powered by Koha